| 000 | 00376cam a2200169ua 4500 | ||
|---|---|---|---|
| 020 | _c9.00 | ||
| 041 |
_amal _h |
||
| 082 |
_a635.01 _bAPP/UD |
||
| 100 | _aAppukuttan Nair, P . | ||
| 245 |
_aUdhyana krishi / _cP Appukuttan nair. _hTextual Documents |
||
| 250 |
_a1 / _b. |
||
| 300 | _a146 ; . | ||
| 365 | _a9.00 | ||
| 504 | _a | ||
| 942 | _cBK | ||
| 999 |
_c5391 _d5391 |
||